[Event "Ourense op"]
[Site "Ourense"]
[Date "2014.07.07"]
[Round "1"]
[White "Vazquez Dorrio, Angel Manuel"]
[Black "Starostits, Ilmars"]
[Result "0-1"]
[WhiteElo "1829"]
[BlackElo "2475"]
[PlyCount "82"]
[EventDate "2014.07.07"]
[EventType "swiss"]
[EventRounds "9"]
[EventCountry "ESP"]
[SourceTitle "EXT 2016"]
[Source "ChessBase"]
[SourceDate "2015.10.08"]
[SourceVersion "1"]
[SourceVersionDate "2015.10.08"]
[SourceQuality "1"]

1. d4 d5 2. Nf3 Nc6 3. c4 Bg4 4. e3 e6 5. Bd3 Nb4 6. Be2 dxc4 7. Nc3 Bxf3 8. Bxf3 Nd3+ 9. Kf1 c6 10. b3 Nxc1 11. Rxc1 cxb3 12. Qxb3 Qb6 13. Qc2 Bd6 14. Ne4 Rd8 15. Rb1 Qc7 16. Nxd6+ Rxd6 17. g3 Ne7 18. Kg2 0-0 19. Rbc1 Nd5 20. Qc5 b6 21. Qa3 f5 22. Rc4 g5 23. h3 Qd7 24. Re1 Rf7 25. Rc2 f4 26. e4 Ne7 27. e5 Rxd4 28. Rxc6 Nd5 29. Rd6 Qb5 30. g4 Rd3 31. Qc1 Ne7 32. Rd8+ Kg7 33. a4 Qb3 34. Rxd3 Qxd3 35. Rd1 Qb3 36. Rd7 Ng6 37. Rxf7+ Kxf7 38. Qc7+ Kg8 39. Qb8+ Kg7 40. Qxa7+ Kh6 41. Qb7 Nh4+ 0-1